The European Union : (Record no. 16364)
[ view plain ]
| 000 -LEADER | |
|---|---|
| fixed length control field | 01442cam a2200313 a 4500 |
| 001 - CONTROL NUMBER | |
| control field | 3091587 |
| 003 - CONTROL NUMBER IDENTIFIER | |
| control field | OSt |
| 005 - DATE AND TIME OF LATEST TRANSACTION | |
| control field | 20040315150138.0 |
| 008 - FIXED-LENGTH DATA ELEMENTS--GENERAL INFORMATION | |
| fixed length control field | 980629s2009 nyua |db 001 0 eng |
| 020 ## - INTERNATIONAL STANDARD BOOK NUMBER | |
| International Standard Book Number | 0077118138 |
| 020 ## - INTERNATIONAL STANDARD BOOK NUMBER | |
| International Standard Book Number | 978-0077118136 |
| 040 ## - CATALOGING SOURCE | |
| Transcribing agency | DLC |
| 082 00 - DEWEY DECIMAL CLASSIFICATION NUMBER | |
| Classification number | 337.4047 |
| Edition number | 21 |
| Item number | NEL |
| 100 2# - MAIN ENTRY--PERSONAL NAME | |
| Personal name | Senior Nello, Susan. |
| 9 (RLIN) | 28508 |
| 245 14 - TITLE STATEMENT | |
| Title | The European Union : |
| Remainder of title | Economics, Policies and History / |
| Statement of responsibility, etc | Susan Senior Nello. |
| 250 ## - EDITION STATEMENT | |
| Edition statement | 2 nd. |
| 260 ## - PUBLICATION, DISTRIBUTION, ETC. (IMPRINT) | |
| Place of publication, distribution, etc | New York : |
| Name of publisher, distributor, etc | McGraw-Hill, |
| Date of publication, distribution, etc | 2009. |
| 300 ## - PHYSICAL DESCRIPTION | |
| Extent | 544 p. : |
| Other physical details | ill. ; |
| Dimensions | 26 cm. |
| 504 ## - BIBLIOGRAPHY, ETC. NOTE | |
| Bibliography, etc | Includes bibliographical references and index. |
| 651 #0 - SUBJECT ADDED ENTRY--GEOGRAPHIC NAME | |
| Geographic name | European Union countries |
| General subdivision | Foreign economic relations |
| Geographic subdivision | Europe, Eastern. |
| 9 (RLIN) | 28509 |
| 651 #0 - SUBJECT ADDED ENTRY--GEOGRAPHIC NAME | |
| Geographic name | European Union countries |
| General subdivision | Foreign economic relations |
| Geographic subdivision | Europe, Central. |
| 9 (RLIN) | 28510 |
| 651 #0 - SUBJECT ADDED ENTRY--GEOGRAPHIC NAME | |
| Geographic name | Europe, Eastern |
| General subdivision | Foreign economic relations |
| Geographic subdivision | European Union countries. |
| 9 (RLIN) | 28511 |
| 651 #0 - SUBJECT ADDED ENTRY--GEOGRAPHIC NAME | |
| Geographic name | Europe, Central |
| General subdivision | Foreign economic relations |
| Geographic subdivision | European Union countries. |
| 9 (RLIN) | 28512 |
| 651 #0 - SUBJECT ADDED ENTRY--GEOGRAPHIC NAME | |
| Geographic name | Europe |
| General subdivision | Economic integration. |
| 9 (RLIN) | 28513 |
| 653 ## - INDEX TERM--UNCONTROLLED | |
| Resource For college | |
| Arrived date list | January2012 |
| 942 ## - ADDED ENTRY ELEMENTS (KOHA) | |
| Source of classification or shelving scheme | Dewey Decimal Classification |
| Item type | Book - Borrowing |
| Withdrawn status | Item status | Source of classification or shelving scheme | Damaged status | Not for loan | Vendor | Home library | Current library | Shelving location | Date acquired | Source of acquisition | Cost, normal purchase price | Serial Enumeration / chronology | Total Checkouts | Total Renewals | Full call number | Barcode | Date last seen | Date last borrowed | Koha item type |
|---|---|---|---|---|---|---|---|---|---|---|---|---|---|---|---|---|---|---|---|
| Dewey Decimal Classification | Baccah | Central Library | Central Library | First floor | 31/01/2012 | 225.00 | 13955 | 8 | 29 | 337.4047 NEL | 000025953 | 15/07/2025 | 21/11/2023 | Book - Borrowing |